[Event "CRO-chT4 Center-A"]
[Site "Zagreb"]
[Date "2011.03.13"]
[Round "1.23"]
[White "Sesan, Josip"]
[Black "Benamatic, Kresimir"]
[Result "1/2-1/2"]
[WhiteElo "1879"]
[BlackElo "2015"]
[PlyCount "120"]
[EventDate "2011.03.13"]
[EventType "team-tourn"]
[EventRounds "7"]
[EventCountry "CRO"]
[SourceTitle "EXT 2014"]
[Source "ChessBase"]
[SourceDate "2013.11.20"]
[SourceVersion "1"]
[SourceVersionDate "2013.11.20"]
[SourceQuality "1"]

1. e4 e5 2. Bc4 Nc6 3. Nf3 Bc5 4. c3 Nf6 5. d3 0-0 6. b4 Bd6 7. Bg5 h6 8. Bh4 a6 9. g4 Be7 10. h3 d5 11. Bxf6 dxc4 12. Bxe7 Qxe7 13. dxc4 Rd8 14. Qe2 f6 15. Nbd2 Be6 16. 0-0 Rd7 17. Nb3 b6 18. Nh4 Rad8 19. Nf5 Qf7 20. Ne3 Rd3 21. Nd5 Rxh3 22. Kg2 Rh4 23. f3 Bxd5 24. cxd5 Ne7 25. Rh1 Rxh1 26. Rxh1 Ng6 27. Qxa6 Qe8 28. Qc4 Nf4+ 29. Kf2 b5 30. Qf1 c6 31. c4 bxc4 32. Qxc4 cxd5 33. exd5 Qf7 34. Rd1 Rxd5 35. Rxd5 Nxd5 36. Nc5 Nxb4 37. Qxb4 Qxa2+ 38. Kg3 Qa1 39. Qc4+ Kh8 40. Kf2 Qb2+ 41. Ke3 Qb6 42. Qd5 Kh7 43. Ke4 Qb4+ 44. Kf5 Qf4+ 45. Ke6 Qc1 46. Kf7 Qa3 47. Qd8 Qa7+ 48. Nd7 Qa2+ 49. Ke8 Qe6+ 50. Qe7 Qxe7+ 51. Kxe7 Kg6 52. Nf8+ Kg5 53. Ne6+ Kg6 54. Kd6 h5 55. gxh5+ Kxh5 56. Nxg7+ Kh4 57. Kd5 Kg5 58. Ke4 Kg6 59. Nf5 Kf7 60. Ng3 Ke6 1/2-1/2

[Event "CRO-chT4A Center"]
[Site "Zagreb"]
[Date "2010.10.10"]
[Round "7.34"]
[White "Blazeka, Damjan"]
[Black "Sesan, Josip"]
[Result "1-0"]
[WhiteElo "2051"]
[BlackElo "1903"]
[PlyCount "39"]
[EventDate "2010.03.21"]
[EventType "team-tourn"]
[EventRounds "11"]
[EventCountry "CRO"]
[SourceTitle "EXT 2012"]
[Source "ChessBase"]
[SourceDate "2011.11.24"]
[SourceVersion "1"]
[SourceVersionDate "2011.11.24"]
[SourceQuality "1"]

1. e4 e5 2. Nf3 d6 3. d4 exd4 4. Nxd4 c5 5. Nf3 Bg4 6. h3 Bh5 7. Bb5+ Nc6 8. Qd5 Qa5+ 9. Nc3 Nf6 10. Bxc6+ Kd8 11. Bg5 bxc6 12. Bxf6+ gxf6 13. Qxh5 Rb8 14. Qxf7 Be7 15. 0-0 Rxb2 16. Ne2 Rf8 17. Qxh7 Rxa2 18. Rab1 Re8 19. Rb8+ Kd7 20. Qf5+ 1-0

[Event "CRO-chT4A Center"]
[Site "Zagreb"]
[Date "2010.05.09"]
[Round "6.45"]
[White "Zagorac, Mario"]
[Black "Sesan, Josip"]
[Result "1-0"]
[WhiteElo "1846"]
[BlackElo "1903"]
[PlyCount "73"]
[EventDate "2010.03.21"]
[EventType "team-tourn"]
[EventRounds "11"]
[EventCountry "CRO"]
[SourceTitle "EXT 2012"]
[Source "ChessBase"]
[SourceDate "2011.11.24"]
[SourceVersion "1"]
[SourceVersionDate "2011.11.24"]
[SourceQuality "1"]

1. d4 b6 2. c4 Bb7 3. e3 e6 4. Nf3 Nf6 5. Nc3 Bb4 6. Bd2 0-0 7. Be2 c5 8. 0-0 cxd4 9. Nxd4 e5 10. Nc2 Be7 11. f3 Na6 12. a3 Nc5 13. Ne1 a5 14. e4 a4 15. Be3 Qc8 16. Kh1 Bc6 17. Rb1 h5 18. Nd3 d6 19. Nb4 h4 20. Nbd5 Bd8 21. Nxf6+ Bxf6 22. Nd5 Bd8 23. Qd2 h3 24. gxh3 Qxh3 25. Rg1 f5 26. exf5 Rxf5 27. Rg3 Qh7 28. Bxc5 bxc5 29. Bd3 Ba5 30. Qg2 Ra7 31. Rg1 Bxd5 32. cxd5 Raf7 33. Rh3 Qxh3 34. Qxh3 Rxf3 35. Qc8+ Rf8 36. Qe6+ Kh8 37. Qg6 1-0

[Event "CRO-chT4A Center"]
[Site "Zagreb"]
[Date "2010.03.21"]
[Round "1.64"]
[White "Ranogajec, Borislav"]
[Black "Sesan, Josip"]
[Result "1-0"]
[WhiteElo "2040"]
[BlackElo "1903"]
[PlyCount "77"]
[EventDate "2010.03.21"]
[EventType "team-tourn"]
[EventRounds "11"]
[EventCountry "CRO"]
[SourceTitle "EXT 2012"]
[Source "ChessBase"]
[SourceDate "2011.11.24"]
[SourceVersion "1"]
[SourceVersionDate "2011.11.24"]
[SourceQuality "1"]

1. e4 e5 2. Nf3 Nc6 3. Bc4 Bc5 4. d3 d6 5. Bg5 f6 6. Bd2 Bg4 7. h3 Bxf3 8. gxf3 Nge7 9. c3 d5 10. exd5 Nxd5 11. f4 Nxf4 12. Bxf4 exf4 13. Qh5+ Kd7 14. Qf5+ Ke8 15. Qxc5 Ne5 16. d4 b6 17. Qb5+ c6 18. Qb3 Nf3+ 19. Kd1 Qe7 20. Nd2 Nxd2 21. Kxd2 Kd7 22. Rae1 Qd8 23. Re4 Re8 24. Rhe1 Rxe4 25. Rxe4 f5 26. Be6+ Kc7 27. Bxf5 Qf6 28. Qe6 Qxe6 29. Rxe6 g6 30. Be4 Kd7 31. Bxc6+ Kxe6 32. Bxa8 Kf5 33. c4 h5 34. b4 g5 35. Ke2 g4 36. hxg4+ hxg4 37. a4 Ke6 38. c5 Kd7 39. Kd3 1-0